[Event "Mistrzostwa Miedzywojewodzkie Juniorow OP-SL C 17"]
[Site "Szczyrk"]
[Date "2012-10-21"]
[Round "1.1"]
[White "Szolc, Grzegorz"]
[Black "Mroziak, Maciej"]
[Result "0-1"]
[WhiteTitle "II+"]
[BlackTitle "I++"]
[WhiteElo "1774"]
[BlackElo "2164"]

1. e4 c5 2. Nf3 Nf6 3. e5 Nd5 4. Nc3 e6 5. Nxd5 exd5 6. d4 Nc6 7. c3 d6 8. exd6
Bxd6 9. Be3 c4 10. Be2 O-O 11. Qd2 Qc7 12. g3 Re8 13. O-O Bg4 14. Rfe1 Rad8 15.
Nh4 Qd7 16. Ng2 b5 17. Bxg4 Qxg4 18. Bf4 Bf8 19. Rxe8 Rxe8 20. Re1 Rxe1+ 21. Nxe1
b4 22. f3 Qe6 23. Qe3 a5 24. Qxe6 fxe6 25. Kf2 Kf7 26. Ke2 Kf6 27. h4 a4 28. Bc1
Bd6 29. f4 Bc7 30. Nf3 Kf5 31. Ne5 Nxe5 32. fxe5 bxc3 33. bxc3 Ba5 34. Bd2 Ke4
35. Be1 h5 36. Bd2 Bd8 37. Bf4 Bxh4 38. Kf2 Be7 39. Ke2 h4 40. Kd2 h3 0-1

[Event "Mistrzostwa Miedzywojewodzkie Juniorow OP-SL C 17"]
[Site "Szczyrk"]
[Date "2012-10-21"]
[Round "1.2"]
[White "Paszewski, Mateusz"]
[Black "Klus, Maciej"]
[Result "1/2-1/2"]
[WhiteTitle "I+"]
[BlackTitle "II"]
[WhiteElo "2051"]
[BlackElo "1766"]

1. c4 c5 2. g3 Nf6 3. Bg2 Nc6 4. Nc3 g6 5. e3 Bg7 6. Nge2 d6 7. O-O O-O 8. b3 Rb8
9. Bb2 Bd7 10. d4 cxd4 11. Nxd4 a6 12. Rc1 Na5 13. Qe2 Nc6 14. Qd2 Qa5 15. Rfd1
Nxd4 16. Qxd4 Ng4 17. Qd5 Bxc3 18. Bxc3 Qxa2 19. Rd2 Qxb3 20. h3 Nf6 1/2-1/2

[Event "Mistrzostwa Miedzywojewodzkie Juniorow OP-SL C 17"]
[Site "Szczyrk"]
[Date "2012-10-21"]
[Round "1.3"]
[White "Burakowski, Marek"]
[Black "Szusterowski, Przemyslaw"]
[Result "0-1"]
[WhiteTitle "II+"]
[BlackTitle "I"]
[WhiteElo "1701"]
[BlackElo "1949"]

1. e4 c5 2. Nf3 d6 3. d4 cxd4 4. Nxd4 Nf6 5. Nc3 a6 6. Bd3 e6 7. Bg5 Be7 8. O-O
O-O 9. Kh1 b5 10. a3 Bb7 11. f3 Nbd7 12. Qe2 Rc8 13. Rac1 Ne5 14. Rfd1 Qc7 15.
Na2 Nc4 16. c3 Qc5 17. Bh4 Qh5 18. Bg3 Qh6 19. Bf2 Nh5 20. g3 Bg5 21. Rc2 Ne3
22. f4 Nxd1 23. Qxd1 Be7 24. Kg1 Nf6 25. Qf3 Qh5 26. Kg2 Qxf3+ 27. Kxf3 g6 28.
Nb3 d5 29. e5 Nd7 30. Bd4 Nc5 31. Nxc5 Bxc5 32. Ke3 Bxd4+ 33. Kxd4 Kg7 34. h4
f6 35. Nc1 fxe5+ 36. Kxe5 d4 37. Kxd4 Rfd8+ 38. Ke3 Bd5 39. Ne2 Kf6 40. g4 e5
41. Ng3 exf4+ 42. Kxf4 Rf8 43. Ne4+ Kg7+ 44. Kg3 Rce8 45. Re2 Bc4 46. Bxc4 bxc4
47. g5 Rf5 48. Kg4 h5+ 49. Kg3 Re6 50. Kg2 Rf4 51. Rd2 Rfxe4 52. Rd7+ Re7 53.
Rd6 Re2+ 54. Kf3 Rxb2 55. Rc6 Rb3 56. Rxc4 Rxa3 57. Rc8 Ra1 58. c4 Rf1+ 59. Kg2
Rf4 60. Kg3 Rg4+ 61. Kf3 Rxh4 62. Ra8 Rxc4 63. Rxa6 Rb7 64. Ra3 h4 0-1

[Event "Mistrzostwa Miedzywojewodzkie Juniorow OP-SL C 17"]
[Site "Szczyrk"]
[Date "2012-10-21"]
[Round "1.4"]
[White "Jachym, Adam"]
[Black "Slany, Wiktor"]
[Result "1-0"]
[WhiteTitle "II"]
[BlackTitle "II"]
[WhiteElo "1922"]
[BlackElo "1622"]

1. e4 e5 2. Nf3 Nc6 3. Bb5 Nf6 4. O-O Bc5 5. Nxe5 Nxe4 6. Qe2 Nxe5 7. Qxe4 Qe7
8. d4 Nc6 9. Qxe7+ Bxe7 10. Be3 a6 11. Be2 d6 12. c3 O-O 13. Nd2 Bf5 14. g4 Bd7
15. f4 Rae8 16. Bf2 Bg5 17. fxg5 Rxe2 18. Nc4 Bxg4 19. Rfe1 f6 20. Ne3 Rxe1+ 21.
Rxe1 Bf3 22. gxf6 gxf6 23. Nf5 Kf7 24. Re3 Rg8+ 25. Bg3 Rxg3+ 26. hxg3 Bd5 27.
b3 b5 28. g4 a5 29. Rh3 Kg6 30. Rh6+ Kg5 31. Rxh7 Bf3 32. Rxc7 Kxg4 33. Nxd6 1-0

[Event "Mistrzostwa Miedzywojewodzkie Juniorow OP-SL C 17"]
[Site "Szczyrk"]
[Date "2012-10-21"]
[Round "1.5"]
[White "Drela, Michal"]
[Black "Dzierzak, Radoslaw"]
[Result "0-1"]
[WhiteTitle "I"]
[BlackTitle "I+"]
[WhiteElo "1620"]
[BlackElo "1918"]

1. d4 Nf6 2. Nf3 d5 3. c4 e6 4. Nc3 Bb4 5. cxd5 exd5 6. Bd2 O-O 7. e3 c5 8. a3
Bxc3 9. Bxc3 c4 10. Be2 a5 11. b4 Ne4 12. Qc1 b5 13. O-O Nc6 14. Nd2 Nxc3 15.
Qxc3 Bf5 16. bxa5 Qxa5 17. Qxa5 Rxa5 18. g4 Be6 19. Rfc1 Rfa8 20. Rab1 Rxa3 21.
Rxb5 Ra2 22. Bxc4 dxc4 23. Nxc4 Ra1 24. Rbb1 Rxb1 25. Rxb1 Bxc4 26. Rc1 Bd5 27.
Rc5 Ra1+ 0-1

[Event "Mistrzostwa Miedzywojewodzkie Juniorow OP-SL C 17"]
[Site "Szczyrk"]
[Date "2012-10-21"]
[Round "1.6"]
[White "Faron, Rafal"]
[Black "Stemplewski, Kamil"]
[Result "1-0"]
[WhiteTitle "II+"]
[BlackTitle "II"]
[WhiteElo "1900"]
[BlackElo "1551"]

1. d4 d5 2. c4 c6 3. Nc3 Nf6 4. Nf3 Bf5 5. cxd5 Nxd5 6. Qb3 Nb6 7. e4 Bg4 8. Ne5
Be6 9. d5 cxd5 10. exd5 Bxd5 11. Bb5+ Nc6 12. Nxd5 Qxd5 13. Qxd5 Nxd5 14. Nxc6
Nc7 15. Nd4+ Nxb5 16. Nxb5 Kd7 17. Be3 a6 18. Rd1+ Kc6 19. Nd4+ Kd7 20. O-O e5
21. Nb5+ Kc6 22. Nc3 Re8 23. Rc1 Kd6 24. Ne4+ Kd5 25. Ng5 e4 1-0

[Event "Mistrzostwa Miedzywojewodzkie Juniorow OP-SL C 17"]
[Site "Szczyrk"]
[Date "2012-10-21"]
[Round "1.7"]
[White "Kopel, Wojciech"]
[Black "Klimek, Marcin"]
[Result "0-1"]
[WhiteTitle "III"]
[BlackTitle "I"]
[WhiteElo "1521"]
[BlackElo "1863"]

1. d4 e6 2. Nf3 f5 3. c4 Nf6 4. g3 b6 5. Bg2 Bb7 6. O-O Be7 7. b3 O-O 8. Bb2 d6
9. Nc3 h6 10. Nh4 Bxg2 11. Kxg2 Qe8 12. Nb5 Na6 13. Ba3 Ne4 14. Nf3 c6 15. d5
cxb5 16. dxe6 Bf6 17. Nd4 bxc4 18. f3 Nc3 19. Qd2 Bxd4 20. Qxd4 Nb5 21. Qxc4 Nxa3
22. Qxa6 Nc2 23. Qd3 Nxa1 24. Rxa1 Qxe6 25. Re1 d5 26. e4 fxe4 27. fxe4 dxe4 28.
Rxe4 Qc6 29. Kg1 Rad8 30. Qb1 Rd1+ 31. Qxd1 Qxe4 0-1

[Event "Mistrzostwa Miedzywojewodzkie Juniorow OP-SL C 17"]
[Site "Szczyrk"]
[Date "2012-10-21"]
[Round "1.8"]
[White "Wielek, Thomas"]
[Black "Szmidt, Wojciech"]
[Result "0-1"]
[WhiteTitle "I"]
[BlackTitle "II"]
[WhiteElo "1835"]
[BlackElo "1510"]

1. e4 d5 2. Nc3 d4 3. Nce2 c5 4. Ng3 e5 5. Bc4 Nf6 6. d3 Nc6 7. f4 Be7 8. Nf3 Ng4
9. O-O O-O 10. h3 exf4 11. Bxf4 Nf6 12. Qe2 Na5 13. Rae1 Nxc4 14. dxc4 Re8 15.
e5 Nd7 16. Ne4 Nf8 17. Bg5 Bxg5 18. Nfxg5 Re7 19. Nxc5 b6 20. Nd3 Bb7 21. Qg4
h6 22. Nf3 Qc7 23. Qxd4 Rd8 24. Qg4 Bc8 25. Qe4 Bb7 26. Qe2 Qxc4 27. b3 Qc7 28.
Qf2 Ng6 29. Re2 Ba6 30. Qe3 Red7 31. e6 fxe6 32. Qxe6+ Kh7 33. Qf5 Qg3 34. Re4
Rd5 35. Nfe5 Bxd3 36. Nxg6 Rxf5 0-1

[Event "Mistrzostwa Miedzywojewodzkie Juniorow OP-SL C 17"]
[Site "Szczyrk"]
[Date "2012-10-21"]
[Round "2.1"]
[White "Mroziak, Maciej"]
[Black "Faron, Rafal"]
[Result "1/2-1/2"]
[WhiteTitle "I++"]
[BlackTitle "II+"]
[WhiteElo "2164"]
[BlackElo "1900"]

1. d4 Nf6 2. c4 g6 3. Nc3 d5 4. cxd5 Nxd5 5. e4 Nxc3 6. bxc3 Bg7 7. Nf3 O-O 8.
Be2 c5 9. Rb1 cxd4 10. cxd4 Qa5+ 11. Bd2 Qxa2 12. O-O Nc6 13. d5 Ne5 14. Nxe5
Bxe5 15. Bb4 Bf6 16. f4 Rd8 17. Bf3 a5 18. Bc5 e5 19. Be2 exf4 20. Bb5 b6 21.
Rf2 Qxb1 22. Qxb1 bxc5 23. Bc6 Ra6 24. Rxf4 Bd4+ 25. Kh1 a4 26. Bb7 Rf6 27. Rxf6
Bxf6 28. Bxc8 Rxc8 29. Qb6 Kg7 30. Qa6 Rb8 31. g3 Rb4 32. Qa5 Rxe4 33. Qxc5 1/2-1/2

[Event "Mistrzostwa Miedzywojewodzkie Juniorow OP-SL C 17"]
[Site "Szczyrk"]
[Date "2012-10-21"]
[Round "2.2"]
[White "Szusterowski, Przemyslaw"]
[Black "Klimek, Marcin"]
[Result "1/2-1/2"]
[WhiteTitle "I"]
[BlackTitle "I"]
[WhiteElo "1949"]
[BlackElo "1863"]

1. d4 e6 2. c4 f5 3. g3 Nf6 4. Bg2 d5 5. Nh3 c6 6. Qc2 Bd6 7. O-O O-O 8. Bf4 Be7
9. Nd2 h6 10. Rab1 g5 11. Be5 Ng4 12. b4 Nd7 13. Nf3 Ngxe5 14. Nxe5 Nxe5 15. dxe5
b5 16. c5 Bd7 17. f4 a5 18. a3 g4 19. Nf2 h5 20. Rfd1 a4 21. Rd2 Qc8 22. Nd1 Be8
23. Nc3 Kg7 24. e3 Bg6 25. Kf2 Ra7 26. Rg1 Rh8 27. Ke1 h4 28. gxh4 Rxh4 29. Bf1
Qh8 30. Kd1 Be8 31. Kc1 Kf7 32. Rdg2 Qh6 33. Qf2 1/2-1/2

[Event "Mistrzostwa Miedzywojewodzkie Juniorow OP-SL C 17"]
[Site "Szczyrk"]
[Date "2012-10-21"]
[Round "2.3"]
[White "Janulek, Dawid"]
[Black "Jachym, Adam"]
[Result "1/2-1/2"]
[WhiteTitle "I"]
[BlackTitle "II"]
[WhiteElo "1810"]
[BlackElo "1922"]

1. e4 e5 2. Nf3 Nc6 3. Bb5 Nf6 4. d3 Bc5 5. O-O d6 6. Nbd2 O-O 7. Nc4 Ne7 8. Ne3
Ng6 9. c3 c6 10. Ba4 d5 11. exd5 Nxd5 12. Nxd5 Qxd5 13. Bb3 Qd8 14. Be3 Bb6 15.
Bxb6 axb6 16. Re1 Qf6 17. Re3 Bf5 18. d4 exd4 19. Qxd4 Qxd4 20. Nxd4 Bd7 21. Rae1
b5 22. a3 c5 23. Nf3 Bc6 24. Ne5 Nxe5 25. Rxe5 Rfe8 1/2-1/2

[Event "Mistrzostwa Miedzywojewodzkie Juniorow OP-SL C 17"]
[Site "Szczyrk"]
[Date "2012-10-21"]
[Round "2.4"]
[White "Dzierzak, Radoslaw"]
[Black "Szmidt, Wojciech"]
[Result "1-0"]
[WhiteTitle "I+"]
[BlackTitle "II"]
[WhiteElo "1918"]
[BlackElo "1510"]

1. e4 c6 2. d4 d5 3. Nc3 dxe4 4. Nxe4 Bf5 5. Ng3 Bg6 6. N1e2 Nf6 7. h4 h6 8. Nf4
Bh7 9. Bc4 e5 10. Qe2 Qxd4 11. O-O Nbd7 12. Be3 Qd6 13. Rad1 Qc7 14. Nfh5 Bg6
15. Nxf6+ Nxf6 16. h5 Bh7 17. Bf4 Nd7 18. Bxe5 Nxe5 19. f4 Bc5+ 20. Kh2 O-O 21.
Qxe5 Qxe5 22. fxe5 Bxc2 23. Rd7 b5 24. Bxf7+ Kh8 25. e6 Rfd8 26. Re1 Bf2 27. e7
1-0

[Event "Mistrzostwa Miedzywojewodzkie Juniorow OP-SL C 17"]
[Site "Szczyrk"]
[Date "2012-10-21"]
[Round "2.5"]
[White "Wielek, Thomas"]
[Black "Paszewski, Mateusz"]
[Result "0-1"]
[WhiteTitle "I"]
[BlackTitle "I+"]
[WhiteElo "1835"]
[BlackElo "2051"]

1. e4 c5 2. Nc3 Nc6 3. f4 g6 4. Nf3 Bg7 5. Bb5 Nd4 6. O-O Nxb5 7. Nxb5 d5 8. exd5
a6 9. Nc3 Nf6 10. d4 c4 11. Ne5 Nxd5 12. Nxc4 Nxc3 13. bxc3 Qc7 14. Ne5 Qxc3 15.
Rb1 O-O 16. Rb3 Qc7 17. Ba3 Be6 18. d5 Rfd8 19. c4 f6 20. Nd3 Bf7 21. Qc1 Rac8
22. Bc5 b5 23. cxb5 axb5 24. Qe3 Bxd5 25. Bb6 Qb7 26. Bxd8 Bxb3 27. Nc5 Qd5 28.
Qxb3 Qxb3 29. Nxb3 Rxd8 30. Re1 Kf7 31. Re4 Ra8 32. Rb4 Rxa2 33. Rxb5 Rb2 34.
Rb7 f5 35. Rb5 h5 36. h4 Bf6 37. g3 Bc3 38. Kf1 Bg7 39. Kg1 Bf6 40. Kf1 Bc3 41.
Rb7 Bd4 42. Rxe7+ Kxe7 43. Nxd4 Kd6 44. Ne2 Kd5 45. Ke1 Ke4 46. Ng1 Ke3 47. Kf1
Rf2+ 48. Ke1 Rg2 49. Kf1 Rxg3 0-1

[Event "Mistrzostwa Miedzywojewodzkie Juniorow OP-SL C 17"]
[Site "Szczyrk"]
[Date "2012-10-21"]
[Round "2.6"]
[White "Klus, Maciej"]
[Black "Szolc, Grzegorz"]
[Result "1/2-1/2"]
[WhiteTitle "II"]
[BlackTitle "II+"]
[WhiteElo "1766"]
[BlackElo "1774"]

1. d4 f5 2. g3 Nf6 3. Bg2 g6 4. c4 Bg7 5. Nc3 d6 6. Nf3 O-O 7. Qb3 c6 8. O-O Qe8
9. Rd1 Kh8 10. d5 Na6 11. dxc6 bxc6 12. Nd4 Nc5 13. Qc2 Bd7 14. b4 Ne6 15. Nb3
Rb8 16. a3 c5 17. b5 Nd4 18. Nxd4 cxd4 19. Na2 Rc8 20. Bb2 Bxb5 21. Rxd4 e5 22.
Rxd6 Bxc4 23. Qd2 Qe7 24. Nb4 e4 25. Nc6 Qc7 26. Rc1 Qf7 27. Ne5 Qg8 28. Nc6 Qf7
29. Ne5 Qg8 30. e3 Be6 31. Nc6 Rfe8 32. Nxa7 Rxc1+ 33. Qxc1 Qf7 34. Nb5 Rb8 35.
Bf1 h6 36. a4 Kh7 37. Bd4 Rc8 38. Rc6 Rxc6 39. Qxc6 Bd5 40. Qc7 Ne8 41. Qxf7 Bxf7
42. a5 Bxd4 43. exd4 Bd5 44. a6 Kg7 45. a7 Kf6 46. Bc4 Ba8 47. Kf1 Ke7 48. Ke2
g5 49. Ke3 Kd7 50. d5 Nd6 51. Kd4 Bb7 52. Kc5 Nc8 53. d6 f4 54. Bd5 Bxd5 55. Kxd5
Nxa7 56. Nd4 e3 57. fxe3 fxe3 58. Ke4 Kxd6 59. Kxe3 Ke5 60. g4 Kf6 61. Nf5 Kg6
1/2-1/2

[Event "Mistrzostwa Miedzywojewodzkie Juniorow OP-SL C 17"]
[Site "Szczyrk"]
[Date "2012-10-21"]
[Round "2.7"]
[White "Stemplewski, Kamil"]
[Black "Burakowski, Marek"]
[Result "0-1"]
[WhiteTitle "II"]
[BlackTitle "II+"]
[WhiteElo "1551"]
[BlackElo "1701"]

1. e4 e5 2. Nf3 Nc6 3. Bb5 Bc5 4. O-O Nge7 5. c3 a6 6. Ba4 b5 7. Bc2 d5 8. d4 exd4
9. cxd4 Bb6 10. h3 Bb7 11. e5 h6 12. Nc3 Qd7 13. Re1 O-O-O 14. a4 b4 15. Ne2 g5
16. Ng3 g4 17. hxg4 Qxg4 18. Be3 Rdg8 19. Nh2 Qg7 20. Qd2 h5 21. Kf1 h4 22. Nf5
Qxg2+ 23. Ke2 Qxh2 24. Rh1 Qg2 25. Rag1 Qxg1 26. Rxg1 Rxg1 27. Bg5 h3 28. Nxe7+
Nxe7 29. Bxe7 h2 30. Qxb4 h1=Q 31. a5 Qh5+ 32. Kd2 Rg2 33. axb6 Rxf2+ 34. Kc3
Qf3+ 35. Bd3 Rh3 36. Kb3 Qxd3+ 37. Ka4 Bc6+ 38. Ka5 cxb6+ 39. Qxb6 Qb5+ 40. Qxb5
Bxb5 41. b4 Kb7 42. e6 Ra3# 0-1

[Event "Mistrzostwa Miedzywojewodzkie Juniorow OP-SL C 17"]
[Site "Szczyrk"]
[Date "2012-10-21"]
[Round "2.8"]
[White "Slany, Wiktor"]
[Black "Kopel, Wojciech"]
[Result "1-0"]
[WhiteTitle "II"]
[BlackTitle "III"]
[WhiteElo "1622"]
[BlackElo "1521"]

1. e4 e6 2. d4 d5 3. Nc3 Nf6 4. Bg5 Be7 5. e5 Nfd7 6. Bxe7 Qxe7 7. f4 O-O 8. Nf3
a6 9. Bd3 c5 10. Bxh7+ Kxh7 11. Ng5+ Kh6 12. Qg4 Rh8 13. Qh4+ Kg6 14. Qxh8 Nf8
15. g4 f6 16. Qh5# 1-0

[Event "Mistrzostwa Miedzywojewodzkie Juniorow OP-SL C 17"]
[Site "Szczyrk"]
[Date "2012-10-21"]
[Round "3.1"]
[White "Paszewski, Mateusz"]
[Black "Dzierzak, Radoslaw"]
[Result "1-0"]
[WhiteTitle "I+"]
[BlackTitle "I+"]
[WhiteElo "2051"]
[BlackElo "1918"]

1. c4 Nf6 2. g3 e6 3. Bg2 d5 4. Nf3 Nbd7 5. b3 b6 6. O-O Bb7 7. Bb2 Be7 8. e3 Nc5
9. d4 Nce4 10. Nbd2 O-O 11. Qc2 c5 12. Nxe4 Nxe4 13. cxd5 exd5 14. dxc5 bxc5 15.
Rfd1 Qb6 16. Ne5 Rfd8 17. Rac1 Rac8 18. Qe2 f6 19. Bxe4 Qe6 20. Bf3 fxe5 21. Bg4
Qf6 22. Bxc8 Rxc8 23. f4 d4 24. exd4 exd4 25. Re1 Qc6 26. Qe6+ Qxe6 27. Rxe6 Kf7
28. Rce1 Bf6 29. Rd6 Rc7 30. g4 Bh4 31. Rc1 Re7 32. Ba3 Bf3 33. Bxc5 Re2 34. Bxd4
Rg2+ 35. Kf1 Rxa2 36. Be3 Bxg4 37. Rd2 Ra3 38. Rc7+ Kg6 39. Rd5 Rxb3 40. Bd4 Rf3+
41. Kg2 Rxf4 42. Rxg7+ Kh6 43. Rd6+ Kh5 44. Rxh7+ Kg5 45. Be3 1-0

[Event "Mistrzostwa Miedzywojewodzkie Juniorow OP-SL C 17"]
[Site "Szczyrk"]
[Date "2012-10-21"]
[Round "3.2"]
[White "Klimek, Marcin"]
[Black "Mroziak, Maciej"]
[Result "1/2-1/2"]
[WhiteTitle "I"]
[BlackTitle "I++"]
[WhiteElo "1863"]
[BlackElo "2164"]

1. e4 d5 2. exd5 Nf6 3. Nc3 Nxd5 4. Bc4 Nb6 5. Bb3 Nc6 6. Qf3 e6 7. Nge2 Be7 8.
O-O O-O 9. Ne4 Na5 10. d4 Bd7 11. Qg3 Kh8 12. Bf4 Rc8 13. c3 Nxb3 14. axb3 Bc6
15. f3 a6 16. Ra5 Nd5 17. Bd2 b6 18. Raa1 a5 19. c4 Nf6 20. Nxf6 Bxf6 21. Bc3
Bb7 22. Rfd1 Qe7 23. Rd3 Rfd8 24. Rad1 Rd7 25. Nf4 g6 26. d5 Bxc3 27. bxc3 e5
28. Nh3 Re8 29. Ng5 h6 30. Ne4 Kh7 31. Qf2 f5 32. Ng3 Qd6 33. Re1 Rde7 34. Qe2
Bc8 35. Re3 Qc5 36. Kh1 f4 37. Ne4 Qxe3 38. Qd1 Qxe1+ 39. Qxe1 Kg7 40. c5 bxc5
41. c4 Bf5 42. Nxc5 Ra8 43. Ne6+ Bxe6 44. Qxe5+ Kh7 45. dxe6 Ra6 46. Qxf4 Raxe6
47. h4 h5 48. Qg5 Re5 49. Qd2 Re3 50. Qd8 Re1+ 1/2-1/2

[Event "Mistrzostwa Miedzywojewodzkie Juniorow OP-SL C 17"]
[Site "Szczyrk"]
[Date "2012-10-21"]
[Round "3.3"]
[White "Jachym, Adam"]
[Black "Szusterowski, Przemyslaw"]
[Result "1-0"]
[WhiteTitle "II"]
[BlackTitle "I"]
[WhiteElo "1922"]
[BlackElo "1949"]

1. e4 c5 2. c3 d5 3. exd5 Qxd5 4. d4 Nc6 5. Nf3 e5 6. Nxe5 Nxe5 7. dxe5 Qxd1+ 8.
Kxd1 Bg4+ 9. Kc2 O-O-O 10. Bd3 Ne7 11. b3 Nc6 12. f4 g5 13. Na3 a6 14. Be4 Bg7
15. Bxc6 bxc6 16. Nc4 Be6 17. Nd6+ Kc7 18. Kb2 Rhf8 19. Re1 Bd5 20. g3 g4 21.
Be3 Rxd6 22. exd6+ Kxd6 23. f5 Bf3 24. Rac1 c4 25. b4 Rd8 26. Bg5 f6 27. Re6+
Kd5 28. Rc2 Be4 29. Rd2+ Bd3 30. Bxf6 Bxf6 31. Rxf6 Rb8 32. Ka3 c5 33. Rb2 Rb5
34. Rxa6 Bxf5 35. Ka4 Rb7 36. Ra5 Ke4 37. Rxc5 Bd7+ 38. b5 Kd3 39. Kb4 1-0

[Event "Mistrzostwa Miedzywojewodzkie Juniorow OP-SL C 17"]
[Site "Szczyrk"]
[Date "2012-10-21"]
[Round "3.4"]
[White "Faron, Rafal"]
[Black "Janulek, Dawid"]
[Result "1-0"]
[WhiteTitle "II+"]
[BlackTitle "I"]
[WhiteElo "1900"]
[BlackElo "1810"]

1. d4 e6 2. c4 Nf6 3. Nf3 c5 4. d5 b5 5. dxe6 fxe6 6. cxb5 d5 7. Bf4 Bd6 8. Bg3
Bxg3 9. hxg3 O-O 10. e3 a6 11. Qc2 Qd6 12. Nc3 h6 13. e4 Qc7 14. exd5 exd5 15.
O-O-O Bb7 16. Qg6 d4 17. Bc4+ Kh8 18. Ng5 dxc3 19. Rxh6+ gxh6 20. Rh1 cxb2+ 21.
Kxb2 Qg7 22. Rxh6+ Nh7+ 23. Qxg7+ Kxg7 24. Rxh7+ Kg6 25. f4 Bc8 26. Bd5 Nc6 27.
bxc6 Rb8+ 28. Kc3 Bf5 29. Re7 Rb1 30. c7 Kf6 31. Re5 Rb6 32. Kc4 Rh8 33. Kxc5
Rb1 34. Ne6 Rc1+ 35. Kd6 Rc8 36. Nd4 Bg4 37. Re7 Rd1 38. Rf7+ Kg6 39. f5+ Bxf5
40. Nxf5 1-0

[Event "Mistrzostwa Miedzywojewodzkie Juniorow OP-SL C 17"]
[Site "Szczyrk"]
[Date "2012-10-21"]
[Round "3.5"]
[White "Szmidt, Wojciech"]
[Black "Klus, Maciej"]
[Result "0-1"]
[WhiteTitle "II"]
[BlackTitle "II"]
[WhiteElo "1510"]
[BlackElo "1766"]

1. e4 c6 2. d4 d5 3. Nc3 dxe4 4. Nxe4 Nd7 5. Bc4 Ngf6 6. Ng3 e6 7. N1e2 Bd6 8.
O-O O-O 9. c3 b5 10. Bd3 Bb7 11. Bg5 Qb6 12. Nf4 c5 13. Nh3 Bxg3 14. hxg3 cxd4
15. cxd4 Qc6 16. Nf4 h6 17. Rc1 Qd6 18. Bxf6 Nxf6 19. Nh5 Nxh5 20. Qxh5 a6 21.
Rfd1 Rac8 22. Rxc8 Rxc8 23. g4 Rd8 24. Qh3 Qf4 25. Qh4 Re8 26. Qh3 Bd5 27. Bb1
Rc8 28. Qd3 g6 29. f3 Kg7 30. b3 Kh8 31. Qd2 Qd6 32. Be4 Bxe4 33. fxe4 Rd8 34.
Qc3 Qf4 35. d5+ Kg8 36. d6 Rxd6 37. Rf1 Qxe4 38. Qc7 Qd4+ 39. Kh1 Rd7 40. Qc8+
Kg7 41. Qxa6 b4 42. Qb5 Ra7 43. Qe2 e5 44. Rd1 Rxa2 45. Qf3 Ra1 0-1

[Event "Mistrzostwa Miedzywojewodzkie Juniorow OP-SL C 17"]
[Site "Szczyrk"]
[Date "2012-10-21"]
[Round "3.6"]
[White "Burakowski, Marek"]
[Black "Slany, Wiktor"]
[Result "1-0"]
[WhiteTitle "II+"]
[BlackTitle "II"]
[WhiteElo "1701"]
[BlackElo "1622"]

1. e4 e5 2. Nf3 Nc6 3. Bc4 Be7 4. d3 Nf6 5. Nc3 O-O 6. O-O d6 7. h3 Na5 8. Bb3
Nxb3 9. axb3 Ne8 10. d4 exd4 11. Nxd4 c6 12. f4 Nc7 13. Nf3 f5 14. e5 dxe5 15.
fxe5 Bc5+ 16. Kh1 a6 17. Bg5 Qxd1 18. Raxd1 h6 19. Na4 Ba7 20. Be7 Re8 21. Bd6
Nd5 22. Rd2 Be6 23. Nd4 g6 24. c4 Nb6 25. Nxe6 Rxe6 26. Nc5 Ree8 27. Re1 Red8
28. Nxb7 Rd7 29. Na5 Nc8 30. Nxc6 Bc5 31. Red1 Nxd6 32. exd6 a5 33. Rd5 Bf2 34.
Ne7+ Kf7 35. c5 Re8 36. c6 Rdxe7 37. dxe7 Rxe7 38. Rd7 Bg3 39. Kg1 Kf6 40. Rxe7
1-0

[Event "Mistrzostwa Miedzywojewodzkie Juniorow OP-SL C 17"]
[Site "Szczyrk"]
[Date "2012-10-21"]
[Round "3.8"]
[White "Drela, Michal"]
[Black "Stemplewski, Kamil"]
[Result "1/2-1/2"]
[WhiteTitle "I"]
[BlackTitle "II"]
[WhiteElo "1620"]
[BlackElo "1551"]

1. d4 d5 2. Nf3 Nf6 3. c4 e6 4. Nc3 c6 5. Bg5 Nbd7 6. e3 Be7 7. Bd3 dxc4 8. Bxc4
b5 9. Bd3 Bb7 10. O-O O-O 11. Rc1 a6 12. Bxf6 Nxf6 13. Ne4 Nd7 14. Qe2 Qb6 15.
Rfd1 h6 16. a3 c5 17. dxc5 Nxc5 18. Nxc5 Bxc5 19. b4 Bd6 20. Bb1 Rfd8 21. Nd4
Bf8 22. Qg4 Rac8 23. h4 Rxc1 24. Rxc1 Bd5 25. Qe2 Qb7 26. Qc2 g6 27. h5 Bxg2 28.
hxg6 Bh3 29. gxf7+ Qxf7 30. Qg6+ Qxg6+ 31. Bxg6 Kg7 32. Be4 e5 33. Nf3 Bd6 34.
Rc6 Bc8 35. Rb6 Kf6 36. Kh2 Rd7 37. Nh4 Rd8 1/2-1/2

[Event "Mistrzostwa Miedzywojewodzkie Juniorow OP-SL C 17"]
[Site "Szczyrk"]
[Date "2012-10-21"]
[Round "3.9"]
[White "Kopel, Wojciech"]
[Black "Wielek, Thomas"]
[Result "0-1"]
[WhiteTitle "III"]
[BlackTitle "I"]
[WhiteElo "1521"]
[BlackElo "1835"]

1. d4 Nf6 2. Nf3 e6 3. Bf4 b6 4. e3 Bb7 5. Bd3 Nc6 6. c3 Be7 7. Nbd2 d6 8. O-O
Nh5 9. Qc2 Nxf4 10. exf4 g6 11. Rfe1 Qd7 12. b4 Nd8 13. h4 c5 14. dxc5 dxc5 15.
a3 cxb4 16. axb4 Nc6 17. Ba6 Bxa6 18. Rxa6 Qc8 19. Raa1 O-O 20. Qb3 Qc7 21. g3
Rfd8 22. Nc4 Rac8 23. Rac1 Rd3 24. Nfe5 Nxe5 25. Nxe5 Rxc3 26. Rxc3 Qxc3 27. Qxc3
Rxc3 28. Ra1 Rc7 29. b5 Bf6 30. Kg2 Rc5 31. Rxa7 Bxe5 32. fxe5 Rxe5 33. Ra8+ Kg7
34. Rb8 Rxb5 35. Kf3 Kf6 36. g4 h5 37. g5+ Ke5 38. Rf8 Kd4 39. Rd8+ Kc4 40. Ke3
Re5+ 41. Kf3 b5 42. Rc8+ Kb3 43. Kf4 Rd5 44. Ke3 b4 45. Rc7 Rf5 46. Rd7 Ka3 47.
Ra7+ Kb2 48. f4 b3 49. Rb7 Kc2 50. Rc7+ Kb1 51. Rb7 b2 52. Ra7 Rc5 53. Kd2 Rc4
54. Rxf7 Ka2 55. Ra7+ Kb3 56. Rb7+ Rb4 57. Rxb4+ Kxb4 58. Kc2 Kc4 59. Kxb2 Kd4
60. Kc2 Ke4 0-1

[Event "Mistrzostwa Miedzywojewodzkie Juniorow OP-SL C 17"]
[Site "Szczyrk"]
[Date "2012-10-21"]
[Round "4.1"]
[White "Jachym, Adam"]
[Black "Paszewski, Mateusz"]
[Result "1/2-1/2"]
[WhiteTitle "II"]
[BlackTitle "I+"]
[WhiteElo "1922"]
[BlackElo "2051"]

1. e4 c5 2. Nf3 Nc6 3. d4 cxd4 4. Nxd4 g6 5. c4 Bg7 6. Be3 Nf6 7. Nc3 d6 8. Be2
Nxd4 9. Bxd4 O-O 10. Qd2 Bd7 11. f4 Bc6 12. Bf3 1/2-1/2

[Event "Mistrzostwa Miedzywojewodzkie Juniorow OP-SL C 17"]
[Site "Szczyrk"]
[Date "2012-10-21"]
[Round "4.2"]
[White "Dzierzak, Radoslaw"]
[Black "Faron, Rafal"]
[Result "1/2-1/2"]
[WhiteTitle "I+"]
[BlackTitle "II+"]
[WhiteElo "1918"]
[BlackElo "1900"]

1. e4 Nf6 2. Bc4 e5 3. d4 Nc6 4. Nf3 exd4 5. e5 d5 6. Bb5 Ne4 7. O-O Bd7 8. Bf4
Be7 9. Bxc6 bxc6 10. Qxd4 O-O 11. Nc3 1/2-1/2

[Event "Mistrzostwa Miedzywojewodzkie Juniorow OP-SL C 17"]
[Site "Szczyrk"]
[Date "2012-10-21"]
[Round "4.3"]
[White "Mroziak, Maciej"]
[Black "Klus, Maciej"]
[Result "1-0"]
[WhiteTitle "I++"]
[BlackTitle "II"]
[WhiteElo "2164"]
[BlackElo "1766"]

1. e4 c6 2. d4 d5 3. Nc3 dxe4 4. Nxe4 Nd7 5. Ng5 Ngf6 6. Bd3 e6 7. N1f3 h6 8. Ne4
Nxe4 9. Bxe4 Nf6 10. Bd3 Qc7 11. O-O Be7 12. Qe2 O-O 13. c4 c5 14. dxc5 Bxc5 15.
Bd2 a5 16. Bc3 Qe7 17. Rad1 Rd8 18. Bb1 Bd7 19. Ne5 Bb4 20. Bd4 Bc5 21. Bc3 Bb4
22. Nxd7 Bxc3 23. Nb6 Ra6 24. Rxd8+ Qxd8 25. c5 Bb4 26. Rd1 Qc7 27. Qe5 1-0

[Event "Mistrzostwa Miedzywojewodzkie Juniorow OP-SL C 17"]
[Site "Szczyrk"]
[Date "2012-10-21"]
[Round "4.4"]
[White "Klimek, Marcin"]
[Black "Burakowski, Marek"]
[Result "1-0"]
[WhiteTitle "I"]
[BlackTitle "II+"]
[WhiteElo "1863"]
[BlackElo "1701"]

1. e4 e5 2. Nc3 Nc6 3. g3 Bc5 4. Bg2 Nge7 5. Nge2 d6 6. Na4 Bb6 7. Nxb6 axb6 8.
O-O f5 9. d4 exd4 10. Nxd4 O-O 11. Bg5 Nxd4 12. Qxd4 Qd7 13. e5 Nc6 14. Qd5+ Kh8
15. exd6 h6 16. Bf4 Ra5 17. Qd3 Nb4 18. Qb3 c5 19. a3 Na6 20. Rfe1 Re8 21. Qc3
c4 22. Bxh6 Nc7 23. dxc7 Rg8 24. Rad1 Qxc7 25. Bf4 Qf7 26. Rd6 Kh7 27. Rxb6 Rc5
28. b4 Rc6 29. Bxc6 bxc6 30. Rxc6 Bb7 31. Qxc4 Qh5 32. b5 Rd8 33. Rh6+ gxh6 34.
Qc7+ 1-0

[Event "Mistrzostwa Miedzywojewodzkie Juniorow OP-SL C 17"]
[Site "Szczyrk"]
[Date "2012-10-21"]
[Round "4.5"]
[White "Szusterowski, Przemyslaw"]
[Black "Szolc, Grzegorz"]
[Result "1/2-1/2"]
[WhiteTitle "I"]
[BlackTitle "II+"]
[WhiteElo "1949"]
[BlackElo "1774"]

1. d4 Nf6 2. c4 e5 3. dxe5 Ng4 4. Bf4 Nc6 5. Nf3 Bb4+ 6. Nbd2 Qe7 7. a3 Bxd2+ 8.
Qxd2 Ngxe5 9. Nxe5 Nxe5 10. e3 O-O 11. Be2 d6 12. O-O Bf5 13. Qd5 c6 14. Qd4 f6
15. Rfd1 Rfd8 16. b4 d5 17. c5 Rd7 18. a4 Re8 19. b5 Kh8 20. Rac1 Red8 21. a5
Rc8 22. Rd2 cxb5 23. Bxb5 Nc6 24. Qb2 Rdd8 25. Bd6 Qf7 26. Qa3 a6 27. Be2 Nxa5
28. Qxa5 Rxd6 29. Rcd1 Rd7 30. Bf3 Be6 31. Rd4 g6 32. Qb6 Kg7 33. h4 Rc6 34. Qb4
h5 35. e4 dxe4 36. Rxd7 Bxd7 37. Bxe4 Rc7 38. Bd5 Be6 39. Bxe6 Qxe6 40. Rd8 Qe7
41. Rd6 Rd7 42. Qb6 Rc7 1/2-1/2